00311nam a22000857a 4500008004100000082001500041245010600056260005500162300000800217230627b xxu||||| |||| 00| 0 eng d a338.1bNYA aFarmers' Response to Reforms in the Marketing of Maize in Kenya: A Case Study of Trans Nzoia District aNairobibInstitute of Policy Analysis and Research a16p